• 首页
  • 本馆介绍
  • 公告通知
  • 最新文献
  • 馆藏检索
  • 电子资源
  • 读者导购
  • 参考咨询
  • 我的图书馆
  • 登录
  • 详细信息显示
  • 放入我的书架
  • 预约/预借图书
  • 作者相关作品
  • 分类相关作品
  • 丛书相关作品
  • 出版社相关作品

书目信息

  • 表格格式
  • 工作单格式
  • 卡片格式
题名:
SuperMap Deskpro.NET插件式开发
    
 
作者: ;SuperMap图书编委会 著
分册:  
出版信息: 北京   清华大学出版社  2012.03
页数: 204页
开本: 26cm
丛书名:
单 册:
中图分类: P208.2
科图分类:
主题词: 地理信息系统--系统开发--应用软件 , 地理信息系统 , 系统开发 , 应用软件
电子资源:
ISBN: 978-7-302-27987-7
000 01100nam0 2200313 450
001 010050032593
005 20130609083921.96
010    @a978-7-302-27987-7@dCNY39.00
035    @a005696354
100    @a20120323d2012 em y0chiy0110 ea
101 0  @achi
102    @aCN@b110000
105    @ay z 000yy
106    @ar
200 1  @aSuperMap Deskpro.NET插件式开发@9SuperMap Deskpro.NET cha jian shi kai fa@fSuperMap图书编委会著
210    @a北京@c清华大学出版社@d2012.03
215    @a204页@d26cm@e1光盘
300    @aGIS工程师训练营
307    @a附光盘:ISBN 978-7-89444-842-2
330    @a本书由浅入深,结合实际的应用案例,以通俗易懂的语言介绍了如何使用SuperMap Deskpro.NET进行插件式扩展开发,全书共分为7章,包括开发基础、快速入门、对象模型、配置文件、插件开发、启动开发以及应用案例。
606 0  @a地理信息系统@x系统开发@x应用软件
606 0  @a地理信息系统
606 0  @a系统开发
606 0  @a应用软件
610 0  @aSuperMap Deskpro
690    @aP208.2@v5
711 02 @aSuperMap图书编委会@9SuperMap tu shu bian wei hui@4著
801  0 @aCN@bNLC@c20120525
905    @dP208.2@e206
    
    SuperMap Deskpro.NET插件式开发/SuperMap图书编委会著.-北京:清华大学出版社,2012.03
    204页;26cm+1光盘
    GIS工程师训练营
    
    ISBN 978-7-302-27987-7:CNY39.00
    本书由浅入深,结合实际的应用案例,以通俗易懂的语言介绍了如何使用SuperMap Deskpro.NET进行插件式扩展开发,全书共分为7章,包括开发基础、快速入门、对象模型、配置文件、插件开发、启动开发以及应用案例。
●
相关链接 在E读中查询图书 在五车中查询图书 在当当中查询图书 在豆瓣中查询图书


正题名:SuperMap Deskpro.NET插件式开发     索取号:P208.2/206         预约/预借

序号 登录号 条形码 馆藏地/架位号 状态 备注
1 0545467   205454676   第二样本阅览室/ [索取号:P208.2/206] 在馆    
2 0545468   205454685   第三借阅区/ [索取号:P208.2/206] 在馆    
3 0545469   205454694   第三借阅区/ [索取号:P208.2/206] 在馆    
4 0545470   205454701   第三借阅区/ [索取号:P208.2/206] 在馆    
5 0545471   205454710   第三借阅区/ [索取号:P208.2/206] 在馆    
唐山师范学院图书馆 欢迎您!
大连网信软件有限公司© 版权所有